000 00797nam1a22002411 4500
001 v19\rc\1232690
005 20060306173625.6
035 _a(NLR Aleph) 004392717
090 _a3774182
_c3774182
100 _a20060306d1882 |||y0rusy50 ca
101 0 _arus
102 _aRU
105 _ay j |||||
200 1 _aУчебник немецкого языка
_fСост. К. Маак, препод. С.-Петерб. 1-го реального училища
205 _a7-е изд., испр. Курс 1-
210 _aСанкт-Петербург
_cтип. Глазунова
_d1882
215 _d21
700 1 _aМаак
_bК. К.
_gКарл Карлович
_4220
801 0 _aRU
_bNLR
_gpsbo
801 1 _aRU
_bProSoft-M
_2rusmarc
852 _aNLR
_j18.158.3.543
942 _cBOOK
980 _aNB